Woman in the mists : the story of Dian fossey andthe mountain gorillas of Africa

Bibliographic Details
Main Author: Mowat, Farley
Format: Book
Published: London : Macdonald , 19888
Subjects:

MARC

LEADER 00000cam a2200000 7i4500
001 0000006015
002 000006502
005 20000330.0
020 |a 035617106X 
090 0 0 |a 591.0924   |b MOW 
100 1 |a Mowat, Farley 
245 1 0 |a Woman in the mists :   |b the story of Dian fossey andthe mountain gorillas of Africa   |c Farley Mowat 
260 |a London :   |b Macdonald ,   |c 19888 
300 |a 3880p. ;   |c 24cm. 
650 0 0 |a Zoology 
999 |a 037842   |b BUKU   |c PINJAMAN   |e PERPUSTAKAAN KOMUNITI PETALING JAYA